LIBRARY ONLINE CATALOGUE

Bates' guide to physical examination and history taking / (Record no. 17387)

MARC details
000 -LEADER
fixed length control field 00734nam a22002412 4500
001 - CONTROL NUMBER
control field 0000024388
003 - CONTROL NUMBER IDENTIFIER
control field OSt
005 - DATE AND TIME OF LATEST TRANSACTION
control field 20190122131635.0
008 - FIXED-LENGTH DATA ELEMENTS--GENERAL INFORMATION
fixed length control field 130910s xx 000 0 eng d
020 ## - INTERNATIONAL STANDARD BOOK NUMBER
International Standard Book Number 1496350294
040 ## - CATALOGING SOURCE
Original cataloging agency KABU
Transcribing agency KABU
245 10 - TITLE STATEMENT
Title Bates' guide to physical examination and history taking /
Statement of responsibility, etc. Lynn S. bickley, Peter G. Szilagyi.
250 ## - EDITION STATEMENT
Edition statement 12th ed.
260 ## - PUBLICATION, DISTRIBUTION, ETC. (IMPRINT)
Place of publication, distribution, etc. New Delhi :
Name of publisher, distributor, etc. Kluwer,
Date of publication, distribution, etc. 2017.
300 ## - PHYSICAL DESCRIPTION
Extent xxviii, 1034p.
650 #0 - SUBJECT ADDED ENTRY--TOPICAL TERM
Topical term or geographic name as entry element Physical examination
Form subdivision Handbooks
General subdivision Methods.
650 #0 - SUBJECT ADDED ENTRY--TOPICAL TERM
Topical term or geographic name as entry element Medical history taking
Form subdivision Handbooks
General subdivision Methods.
700 1# - ADDED ENTRY--PERSONAL NAME
Personal name Bickley, Lynn S.
700 1# - ADDED ENTRY--PERSONAL NAME
Personal name Szilagyi, Peter G.
908 ## - PUT COMMAND PARAMETER (RLIN)
Put command parameter 130910
942 ## - ADDED ENTRY ELEMENTS (KOHA)
Source of classification or shelving scheme Library of Congress Classification
Koha item type General Collection
Holdings
Withdrawn status Lost status Source of classification or shelving scheme Not for loan Home library Current library Date acquired Cost, normal purchase price Total Checkouts Full call number Barcode Date last seen Date last checked out Price effective from Koha item type
    Library of Congress Classification   Kabarak, Main Campus Kabarak, Main Campus 22/01/2019 6852.00 5 RC76 .B38 2017 c.1 022804 26/02/2020 10/02/2020 22/01/2019 General Collection
    Library of Congress Classification   Kabarak, Main Campus Kabarak, Main Campus 22/01/2019 6852.00 4 RC76 .B38 2017 c.2 022814 01/02/2020 28/01/2020 22/01/2019 General Collection
    Library of Congress Classification   Kabarak, Main Campus Kabarak, Main Campus 22/01/2019 6852.00 6 RC76 .B38 2017 c.3 022816 02/06/2022 17/05/2022 22/01/2019 General Collection
    Library of Congress Classification   Kabarak, Main Campus Kabarak, Main Campus 22/01/2019 6852.00 4 RC76 .B38 2017 c.4 022817 04/03/2020 24/02/2020 22/01/2019 General Collection